A manual of co-operative law and practice :

Guardado en:
Detalles Bibliográficos
Autor principal: Surridge, B. J
Otros Autores: Margaret, Digby
Formato: Libro
Publicado: England : Plunkett Foundation , c1972.
Edición:3rd ed.
Materias:
Etiquetas: Agregar Etiqueta
Sin Etiquetas, Sea el primero en etiquetar este registro!

MARC

LEADER 00000nam a2200000 4500
020 |a NA  |c TZS 33/= 
040 |a MUL  |b eng  |e AACR 
082 |a 346.0433 SUR 
100 |a  Surridge, B. J 
245 |a A manual of co-operative law and practice : 
250 |a 3rd ed. 
260 |a England :  |b Plunkett Foundation ,  |c c1972. 
300 |a v, 274 p. :  |c 21 cm. 
504 |a It includes index 
650 |a Cooperative societies--Law and legislation  |z England 
650 |a Co-operative Principles 
650 |a Cooperative societies 
700 |a  Margaret, Digby. 
942 |c BK 
999 |c 1246  |d 1246